000 00475nam a2200193 a 4500
001 3915
003 CO-ViMGA
008 141112s2004 ck r 000 u spa d
040 _aCO-ViMGA
_bspa
_cCO-ViMGA
082 0 4 _a152.4 D157
100 1 _aDantzer, Robert
_954141
245 1 0 _aLas emociones
260 _aBarcelona :
_bPaidós,
_c1989
300 _a138 p : il
490 _aPaidós studio, 74
650 1 4 _aEMOCIONES
_91815
650 1 4 _aSENTIMIENTOS
942 _2ddc
_cBK
999 _c15933
_d15933